000 00630nam a2200217Ia 4500
003 IN-BaIIA
008 211028s9999 xx 000 0 eng d
020 _a0-387-11045-3
040 _cIIA Library
080 _a521.5
_bFRI-I
100 _aFridman, A. M.
_913916
245 0 _aPhysics of gravitating systems I
_bequilibrium and stability
_cA. M. Fridman and V. L. Polyachenko
260 _aNew York
_bSpringer-Verlag
_c1984
300 _axvii, 468p.
650 _aAstrophysics
_9794
650 _aEquilibrium
_913917
650 _aGravitation
650 _aNASA Thesaurus
700 _aPolyachenko, V. L.
_913918
942 _cBK
999 _c8297
_d8297